| 000 | 00521nam a2200205Ia 4500 | ||
|---|---|---|---|
| 003 | OSt | ||
| 005 | 20230527115612.0 | ||
| 008 | 210423s2010 xx 000 0 und d | ||
| 020 | _a198064349 | ||
| 040 | _cAL | ||
| 041 | _aeng | ||
| 082 | _a658.155 SRIR | ||
| 100 |
_aSRIVASTAVA (Rajiv). _991405 |
||
| 245 | _aDerivatives and risk management. | ||
| 260 |
_aOxford _bOxford University Press _c2010 |
||
| 300 |
_axvi,592 _bPB |
||
| 365 |
_b365 _cINR |
||
| 906 | _aDerivatives ; management. ; risk | ||
| 942 |
_2ddc _cBK |
||
| 999 |
_c160437 _d160437 |
||